000 00748nam a22001695i 4500
001 153134
003 ES-MaACL
005 20230906205035.0
008 050916s1881 sp | |||||||| ||spa d
040 _aCAM
_bspa
_cCAM
110 2 _aCírculo de la Unión Mercantil (Madrid)
_9134324
245 1 0 _aMemoria presentada por la Junta de Gobierno á la General Ordinaria de Señores Socios
_b: celebrada en enero de 1881 /
_cCírculo de la Unión Mercantil de Madrid.
260 _aMadrid :
_b[s.n.],
_c1881 (
_fImprenta de Miguel Ginesta)
300 _a46 p. ;
_c26 cm.
610 2 4 _aCírculo de la Unión Mercantil (Madrid)-
_vMemorias.
_9150705
852 _aES-MaACL
_jT-389-F-8
_z-- Enc. hol., falto de la cub. original
_z-- Enc. en un vol. facticio
999 _c153134
_d153134